| 000 | 01249nam a2200313Ia 4500 | ||
|---|---|---|---|
| 008 | |||
| 020 | _a0852988338 (pbk.) | ||
| 020 | _a0852988389 (set) | ||
| 049 | _aMAIN | ||
| 090 | _aTL242 FIS | ||
| 110 | 2 |
_aFISITA Congress _n(24th : _d1992 : _cLondon, England) |
|
| 245 | 1 | 4 |
_aThe vehicle and the environment : _btechnical papers : XXIV FISITA Congress, 7-11 June, 1992, London : automotive technology serving society. |
| 260 |
_aLondon : _bpublished by Mechanical Engineering Publications Ltd. for the Institution of Mechanical Engineers, _cc1992. |
||
| 300 |
_a2 v. : _bill. ; _c30 cm. |
||
| 500 | _a"FISITA 92"--Cover. | ||
| 504 | _aIncludes bibliographical references. | ||
| 650 | 0 |
_aMotor vehicles _xFuel systems _xCongresses. |
|
| 650 | 0 |
_aMotor vehicles _xPollution control devices _xCongresses. |
|
| 650 | 0 |
_aAir _xPollution _xCongresses. |
|
| 650 | 0 |
_aMotor vehicles _xFuel consumption _xEnvironmental aspects _xCongresses. |
|
| 650 | 0 |
_aMotor fuels _xCongresses. |
|
| 710 | 2 | 0 | _aInstitution of Mechanical Engineers (Great Britain) |
| 740 | 0 | 1 | _aFISITA 92. |
| 907 |
_a.b1022970x _b09-02-07 _c08-02-07 |
||
| 003 | |||
| 005 | 20230123134351.0 | ||
| 040 | _cNUST | ||
| 942 |
_cBOOKS _kTL242 FIS |
||
| 999 |
_c164672 _d164672 |
||